000 00456nab a2200145Ia 4500
003 ES-SlBCS
005 20210601125238.0
008 140529s1977 xxu||||| |||| 00| 0 eng d
041 _aeng
100 1 _aMaund, J. B.
_9132369
245 0 0 _aOn the Distinction between Perceptual and Ordinary Beliefs
_c J. B. Maund
650 0 4 _aCreencias
_9132397
773 0 _tPhilosophy and Phenomenological Research
_gvol. 38, 1977, págs. 209-219
_wRev1411
942 _cAR
999 _c527154
_d527154